| 000 | 00433nam a2200157Ia 4500 | ||
|---|---|---|---|
| 008 | 230917s9999||||xx |||||||||||||| ||und|| | ||
| 020 | _cRS0.35 | ||
| 040 |
_e12614 _aMAIN |
||
| 041 | _aEnglish | ||
| 082 | _a301.44 D849E | ||
| 100 | _aD'Souza, Victor S | ||
| 245 | 0 | _aEducational inequalities among scheduled castes: a case study in the Punjab | |
| 260 |
_aChandigarh _bPunjab University _c1980 |
||
| 300 | _a63 p. | ||
| 942 | _cBK | ||
| 999 |
_c228161 _d228161 |
||